000 01015nam a2200289 i 4500
003 DO-SdBNP
005 20240708093102.0
006 a||||gr|||| 00| 0
007 ta
008 240705t1986 cu ||||| |||| 00| e spa d
040 _aDO-SdBNP
_bspa
_cBNPHU
_erda
082 4 _222
_bP438g
100 1 _aPérez Guzmán, Francisco
_eautor
_985978
245 1 0 _aLa Guerra de liberación:
_bMáximo Gómez /
_cFrancisco Pérez Guzmán, edición, Luis M. de las Traviesas Moreno.
264 4 _aLa Habana, Cuba :
_bEditorial de las Ciencias Sociales,
_c©1986
300 _axix,140 páginas ;
_c18 cm.
336 _2rdacontent
_atexto
_btxt
337 _2rdamedia
_asin mediación
_bn
338 _2rdacarrier
_avolumen
_bnc
490 0 _aHistoria de Cuba
504 _aBibliografía: 137-140
590 _aInventariado 2024 / MF
600 1 0 _aGómez, Máximo,
_d1836-1905
_912249
_xBiografía
650 4 _aGuerra
_xHistoria
_914354
_zcuba
700 1 4 _aTraviesas Moreno, Luis M., de las,
_92160
_eeditor
942 _2ddc
_cLBS1
999 _c57192
_d57192